「にじさんじツアー SitR東京公演」セトリ - Statistics

General Stats
  • This quiz has been taken 5 times
  • The average score is 23 of 49
Answer Stats
Answer % Correct
20-20 にぎにぎにじたうん!
100%
7 点描の唄
75%
20 にじさんじ組曲
75%
20-3 さくゆい体操
75%
1 Arc goes oN
75%
20-14 DONBURA KONBURA SPEAKERS
75%
20-25 Virtual to LIVE
75%
23 Virtual to LIVE
75%
2
50%
3 絶絶絶絶対聖域
50%
4 バッド・ダンス・ホール
50%
6 ファタール
50%
8 閃光少女
50%
9 天天天国地獄国
50%
10 テレパシ
50%
13 ロウワー
50%
18 ハレ晴レユカイ
50%
19 ファミリア
50%
20-2 どきどきキュン!で大暴走
50%
20-4 ネコガネコロンダー
50%
20-6 てんやわんや、夏
50%
20-12 ホラフキパペット
50%
20-15 鍋ラップ
50%
20-22 相性×優勝ドロップス
50%
21 なんやかんや、冬。
50%
22 アンノウン・マザーグース
50%
20-21 3倍!Sun Shine!カーニバル!
50%
20-13 Hurrah!!
50%
20-17 I wanna! You wanna!
50%
20-5 MECHA-MECHA
50%
20-1 Moon!!
50%
20-23 Sharpness...
50%
20-16 一旦ステイ TONIGHT
50%
20-8 XOXO
50%
11 完全放棄宣言
25%
12 不死鳥のフランメ
25%
14 ポラリス
25%
16 ハッピーミルフィーユ
25%
17 ヤバみ
25%
20-0 ニコニコ時報、月ノ美兎が乗っ取りました!!
25%
20-10 煽動海獣ダイパンダ
25%
20-11 ブラッディ・グルービー
25%
20-19 壱百満点☆パクスサロメーナ
25%
20-24 くっきんどりーみんらんど
25%
20-9 Abyssal Zone
25%
15 BOW AND ARROW
25%
20-7 Buddy&Wilderness
25%
20-18 Fam☆Fam☆Time!
25%
5 Party!!
25%
No matching quizzes found
Score Distribution
Percent of People with Each Score
Percentile by Number Answered
Your Score History
You have not taken this quiz